00520 2200193 4500001002100000005001500021008004100036020002500077035001900102041000700121082001300128090002100141100001900162245006300181260002600244300002900270500001100299650001600310INLIS00000000000096220241224112248241224||||||||| | ||| |||| || |  aISBN 978-602-8144-44 0010-1224000962 aid0 a370. 144 a370. 144 HER p/20 ahermawan aksan00akarakter Bangsa Disiplin, Kerja Keras, Kreatif dan Mandiri bnuansa cendekiac2014 a122 hlm.; 15,5 x 23,5 cm aCet. 1 0aIlmu Sosial